000 01097naa a22003137a 4500
001 BR7603313
003 BR-BrBNA
005 20240918173857.0
007 ta
008 230509b bl.||||| |||| 00| 0 por d
040 _aBR-BrBNA
_bpor
_cBiblioteca Nacional de Agricultura
041 _a(Pt)
072 _aF60
_b3801
090 _aF60 BR7603313
100 1 _aMalavolta, E.
245 1 _aElementos Minerais [Macroelemento; Nutricao vegetal]
260 3 _aSao Paulo, SP (Brasil):
_bEd. Agronomica Ceres,
_c1976.
500 _aMalavolta, E. Manual de quimica agricola. Nutricao de plantas e fertilidade do solo Sao Paulo, SP (Brasil): Ed. Agronomica Ceres, 1976. p. 67-119 (BR7603313-AM)F60
650 _aMINERAL
650 _aMACROELEMENTO
650 _aNUTRICAO VEGETAL
650 _aSOLO
650 _aNUTRIENTE
650 _aRAIZ
650 _aABSORCAO
773 0 _tManual de quimica agricola. Nutricao de plantas e fertilidade do solo
_aMalavolta, E.
_wF60 BR7603313
_gSao Paulo, SP (Brasil), 1976. p. 67-119
909 _a202404
_bLucia
_c55
_dLucia Elande
942 _cAM
_2AGRIS
999 _c307430
_d307430